Statistics for This Day in Sports (August 6)

Click here to take the quiz!

General Stats

  • This quiz has been taken 6 times
  • The average score is 6 of 10

Answer Stats

QuestionAnswer% Correct
1983: The NFL’s first exhibition game in Europe is played at Wembley Stadium in what city.London
100%
1966: This famous boxer retains his heavyweight title.Muhammad Ali
83%
1952: This St. Louis Brown pitcher becomes the oldest ever to pitch a shut-out.Satchel Paige
83%
1963: The NBA’s Philadelphia Nationals rebrand their name to this.76ers
67%
1972: Hank Aaron breaks this Yankees record for most home runs with one team in a career.Babe Ruth
67%
1953: MLB Hall-of-Famer, Ted Williams, comes back from military service in which country?Korea
67%
1997: This country slams world record 952 for 6 in the 1st cricket Test against India in Colombo.Sri Lanka
50%
1948: American Bob Mathias wins the decathlon at what age?17
17%
1890: Hall of Fame pitcher Cy Young pitches a 3 hitter in his debut for this team based in Cleveland.Spiders
17%
1936: Jack Lovelock breaks the world record for the 1,500 meter at the Berlin Olympics. What country was he from?New Zealand
0%

Score Distribution

Percentile by Number Answered

Percent of People with Each Score

Your Score History

You have not taken this quiz